| 000 | 00968nam a2200205Ia 4500 | ||
|---|---|---|---|
| 999 |
_c38262 _d38262 |
||
| 001 | 4252 | ||
| 003 | GE_BSU | ||
| 005 | 20191002110157.0 | ||
| 008 | 181216s1995||||ge |||||||||||||| ||geo|| | ||
| 040 | _cGE_BSU | ||
| 041 | _ageo | ||
| 080 | _a378(061) ბ–17 | ||
| 245 |
_aბათუმის შოთა რუსთაველის სახ. სახელმწიფო უნივერსიტეტი / _bსაბუნებისმეტყველო მეცნიერებანი. შრომები . |
||
| 264 |
_aბათუმი : _bაჭარა, _c1995. |
||
| 300 |
_a184 გვ. ; _b20 სმ. |
||
| 653 | _aშრომები | ||
| 653 | _aსაბუნებისმეტყველო მეცნიერებანი | ||
| 710 |
_aბათუმის შოთა რუსთაველის სახ. სახელმწიფო უნივერსიტეტი _93470 |
||
| 942 |
_cBK _2udc |
||